Die größten Flughäfen in Deutschland 2024 - Statistiken

Allgemein
  • Dieses Quiz wurde 303 mal gespielt
  • Das Durchschnittsergebnis liegt bei 9 aus 10
Antwortstatistiken
Anzahl der Passagiere Stadt % Korrekt
23.066.692 Berlin
100%
37.019.291 München
100%
59.286.312 Frankfurt
99%
13.557.552 Hamburg
98%
9.750.274 Köln/Bonn
94%
8.424.163 Stuttgart
94%
19.109.517 Düsseldorf
91%
4.590.682 Hannover
84%
3.905.597 Nürnberg
77%
2.934.316 Dortmund
75%
Keine übereinstimmenden Quizze gefunden
Verteilung der Resultate
Anzahl Personen mit jedem Resultat
Perzentil nach korrekt beantworteten Fragen
Ihre Resultats-Entwicklung
Sie haben dieses Quiz noch nicht gespielt